000 01059nam a2200313Ia 4500
001 Z_3432
003 CHAP
008 220113s1995 xx 000 0 und d
010 _a166553
040 _cCHAP
090 _aTesis Z 1484
100 _aZaragoza Ramírez, José Luis
_9123684
245 _aAnálisis hidrológico en un pastizal amacollado arborescente de la región noroeste del Estado de Chihuahua /
_cpor José Luis Zaragoza Ramírez
260 _aChihuahua, Chih :
_bEl autor,
_c1995
300 _a115 h. : mapa ; gráfs. : cuads.
440 _a
502 _aTesis (M.C. en Producción Animal) -- Universidad Autónoma de Chihuahua. Facultad de Zootecnia. División de Posgrado e Investigación.
503 _a
650 _aAmacollamiento
_95057
650 _aParcelas experimentales I. Universidad Autónoma de Chihuahua
_9140628
650 _aPastizales
_xChihuahua
_985926
650 _aSuelos
_xAnálisis
_9110204
901 _aTesis Z 1484
902 _aA
910 _a1995
942 _c2
942 _c2
999 _c166553
_d166553